000 00560nam a2200169 i 4500
001 35794
003 ES-MaACL
007 t|
008 030214s1975 sp ||||1| spa d
100 1 _aBracegirdle, Brian.
_931232
245 1 0 _aAtlas de estructura vegetal /
_cBrian Bracegirdle y Patricia H. Miles ; edición dirigida y revisada por Rafael Alvarado.
260 _aMadrid :
_bParaninfo,
_c1975.
300 _aX, 125 p. :
_bil. ;
_c25 cm.
700 1 _aMiles, Patricia H.
_981099
700 1 _aAlvarado, Rafael.
_920596
852 _aES-MaACL
_jE-9103
_bR.93426
999 _c35794
_d35794